header

Funding a revolution (Record no. 60670)

MARC details
000 -LEADER
fixed length control field 01317nam a2200277 a 4500
245 00 - TITLE STATEMENT
Title Funding a revolution
260 ## - PUBLICATION, DISTRIBUTION, ETC. (IMPRINT)
Place of publication Washington, D.C. :
Name of publisher National Academy Press,
Year of publication c1999.
300 ## - PHYSICAL DESCRIPTION
Number of Pages xxiii, 273 p. :
Other physical details ill.
650 #0 - SUBJECT ADDED ENTRY--TOPICAL TERM
Topical Term Computer science
Topical Term High performance computing
856 40 - ELECTRONIC LOCATION AND ACCESS
Uniform Resource Identifier http://site.ebrary.com/lib/rucke/Doc?id=10041036

No items available.

© 2026 Rongo University
Contact us: librarian | system librarian | Rongo university